| 000 | 00492nam a22001577a 4500 | ||
|---|---|---|---|
| 003 | SISC | ||
| 005 | 20161127203431.0 | ||
| 008 | 161127b xxu||||| |||| 00| 0 eng d | ||
| 050 |
_aDS 686.614 _b.R375 2016 |
||
| 100 | _aRamos, Fidel V. | ||
| 245 |
_aFor a better Philippines-world : _bbulletin of FVR "sermons" volume XI / _cFidel V. Ramos. |
||
| 260 |
_aManila : _bRPDEV, _c2016. |
||
| 300 |
_axi, 242 pages : _bcolor illustrations ; _c21 cm. |
||
| 500 | _aIncludes index. | ||
| 942 |
_2lcc _cBK |
||
| 999 |
_c305293 _d305293 |
||